| 000 | 00840 aa a2200217 4500 | ||
|---|---|---|---|
| 005 | 20120524124348.0 | ||
| 010 | _a | ||
| 020 |
_c200.00 _a |
||
| 035 | _aB-241816 | ||
| 037 | _bpub | ||
| 082 | _a614.5993 | ||
| 100 |
_aसिंघल, विनीता _947834 |
||
| 245 |
_aएड्सः क्या मिलेगा छुटकारा / _cविनीता सिंघल |
||
| 246 |
_a _b |
||
| 260 |
_aदिल्ली _bहिमाचल बुक सैंटर _c2006 |
||
| 270 |
_a _b _e |
||
| 300 |
_a176पृ _c22 सेमी (सजिल्द) |
||
| 490 |
_a _947835 |
||
| 942 |
_adpl _cHN _k _2ddc _h614.5993 _mसिंघल |
||
| 999 |
_c67115 _d67115 |
||